• 首页
  • 本馆介绍
  • 公告通知
  • 最新文献
  • 馆藏检索
  • 电子资源
  • 读者导购
  • 参考咨询
  • 我的图书馆
  • 登录
  • 详细信息显示
  • 放入我的书架
  • 预约/预借图书
  • 作者相关作品
  • 分类相关作品
  • 丛书相关作品
  • 出版社相关作品

书目信息

  • 表格格式
  • 工作单格式
  • 卡片格式
题名:
鲜活的社会记忆
    
 
作者: 滕春娥 , 王萍 著
分册:  
出版信息: 北京   社会科学文献出版社  2020
页数: 201页
开本: 24cm
丛书名:
单 册:
中图分类: G275.9
科图分类:
主题词: 非物质文化遗产--fei wu zhi wen hua yi chan--保护--档案管理--研究
电子资源:
ISBN: 978-7-5201-6866-3
000 01805nam0 2200277 450
001 2159264130
005 20210926145345.0
010    @a978-7-5201-6866-3@dCNY88.00
100    @a20201109d2020 kemy0chiy0120 ea
101 0  @achi
102    @aCN@b110000
105    @aa v 000yy
106    @ar
200 1  @a鲜活的社会记忆@Axian huo de she hui ji yi@e非物质文化遗产建档保护@dVivid social memory@edocument protection of intangible cultural heritage@f滕春娥,王萍著@zeng
210    @a北京@c社会科学文献出版社@d2020
215    @a201页@c图@d24cm
300    @a牡丹江师范学院地方优势特色学科资金资助 黑龙江省哲学社会科学规划资助项目“基于非物质文化遗产建档保护的赫哲族文化传承研究” 牡丹江师范学院博士科研基金项目“社会记忆视角下非物质文化遗产建档保护研究” 2019年黑龙江省教育厅高校科研基本建设经费项目“基于传媒产业视角的黑龙江流域少数民族文化遗产保护研究”的阶段性成果
330    @a本书从“世界记忆工程”的国际现实背景出发,以国内外非物质文化遗产保护运动为契机,将非物质文化遗产作为研究对象,从社会学的“社会记忆视角”思考非物质文化遗产保护的意义和方法,以社会记忆理论、本体理论等为研究基础,综合运用文献计量法、语义分析法、实证分析等研究方法,立足于档案学科,基于档案自身的特性和价值、功用,客观分析非遗建档保护的现实状况,构建了非遗建档的具体流程,研究了非遗资源的数字化保护,并以赫哲族非物质文化遗产资源为例,验证所提出方法的可行性和可操作性。
510 1  @aVivid social memory@edocument protection of intangible cultural heritage@zeng
517 1  @a非物质文化遗产建档保护@Afei wu zhi wen hua yi chan jian dang bao hu
606 0  @a非物质文化遗产@Afei wu zhi wen hua yi chan@x保护@x档案管理@x研究
690    @aG275.9@v5
701  0 @a滕春娥@Ateng chun e@c(女,@f1982-)@4著
701  0 @a王萍@Awang ping@c(女,@f1965--)@4著
801  0 @aCN@b百万庄@c20210926
905    @b1299592-95@dG275.9@e113@f4
    
    鲜活的社会记忆:非物质文化遗产建档保护=Vivid social memory:document protection of intangible cultural heritage/滕春娥,王萍著.-北京:社会科学文献出版社,2020
    201页:图;24cm
    牡丹江师范学院地方优势特色学科资金资助 黑龙江省哲学社会科学规划资助项目“基于非物质文化遗产建档保护的赫哲族文化传承研究” 牡丹江师范学院博士科研基金项目“社会记忆视角下非物质文化遗产建档保护研究” 2019年黑龙江省教育厅高校科研基本建设经费项目“基于传媒产业视角的黑龙江流域少数民族文化遗产保护研究”的阶段性成果
    
    ISBN 978-7-5201-6866-3:CNY88.00
    本书从“世界记忆工程”的国际现实背景出发,以国内外非物质文化遗产保护运动为契机,将非物质文化遗产作为研究对象,从社会学的“社会记忆视角”思考非物质文化遗产保护的意义和方法,以社会记忆理论、本体理论等为研究基础,综合运用文献计量法、语义分析法、实证分析等研究方法,立足于档案学科,基于档案自身的特性和价值、功用,客观分析非遗建档保护的现实状况,构建了非遗建档的具体流程,研究了非遗资源的数字化保护,并以赫哲族非物质文化遗产资源为例,验证所提出方法的可行性和可操作性。
●
相关链接 在E读中查询图书 在五车中查询图书 在当当中查询图书 在豆瓣中查询图书


正题名:鲜活的社会记忆     索取号:G275.9/113         预约/预借

序号 登录号 条形码 馆藏地/架位号 状态 备注
1 1299592   212995927   第一样本阅览室/ [索取号:G275.9/113] 在馆    
2 1299593   212995936   第四借阅区/ [索取号:G275.9/113] 在馆    
3 1299594   212995945   第四借阅区/ [索取号:G275.9/113] 在馆    
4 1299595   212995954   第四借阅区/ [索取号:G275.9/113] 在馆    
唐山师范学院图书馆 欢迎您!
大连网信软件有限公司© 版权所有